Statistics for U.S. Politics

Click here to take the quiz!

General Stats

  • This quiz has been taken 1,246 times
  • The average score is 9 of 10

Answer Stats

QuestionAnswer% Correct
Since 1900, what party has had more presidents elected?Republican
98%
True or False: Ronald Reagan lost only one state in the 1984 election?True
98%
How many U.S. presidents have been assassinated?4
97%
What house of Congress has 100 members?Senate
97%
What state has the most electoral college votes?California
96%
How many years was FDR president?12
93%
What house of Congress has 435 members?House of Representatives
91%
"We the People" is the opening phrase to which document?Constitution
89%
Legislative, Executive, and Judicial are all examples of what?Branches of Government
82%
Who was the last democrat to win Texas in a presidential election?Jimmy Carter
72%

Score Distribution

Percentile by Number Answered

Percent of People with Each Score

Your Score History

You have not taken this quiz